Normal view
MARC view
- Títulos académicos
Entry Materia
001 - NÚMERO DE CONTROL DEL REGISTRO
- campo de control: 59271
003 - IDENTIFICADOR DE NUMERO DE CONTROL
- campo de control: MX-MxUPN
005 - FECHA Y HORA DE LA ÚLTIMA TRANSACCIÓN
- campo de control: 20260416091521.0
008 - DATOS DE LONGITUD FIJA
- campo de control de longitud fija: 260416dn fnnnnbaba n ana d
040 ## - FUENTE DE LA CATALOGACIÓN
- Centro catalogador de origen: MX-MxUPN
- Lengua de catalogación: spa
150 ## - ENCABEZAMIENTO - TEMÁTICO
- Término de materia o nombre geográfico como elemento inicial: Títulos académicos
- Subdivisión de materia general: Control de calidad
- Subdivisión geográfica: Cartagena, España
670 ## - FUENTE EN LA QUE SE LOCALIZARON DATOS
- Cita de la fuente: Autoridades BGTQ, 16 abril 2026 :
- Información localizada: (Títulos académicos -- Control de Calidad -- Cartagena, España)
902 ## - CATALOGADOR
- Catalogador: VíctorGodínez/160426
